<?xml version="1.0" encoding="UTF-8"?>
<marc:record xmlns:marc="http://www.loc.gov/MARC21/slim">
   <marc:leader>00000nam a2200000 a 4500</marc:leader>
   <marc:datafield ind1="1" ind2=" " tag="100">
      <marc:subfield code="a">Sahm, Nina</marc:subfield>
      <marc:subfield code="4">aut</marc:subfield>
      <marc:subfield code="e">Verfasser/-in</marc:subfield>
   </marc:datafield>
   <marc:datafield ind1=" " ind2=" " tag="653">
      <marc:subfield code="a">Mädchenfreundschaft</marc:subfield>
   </marc:datafield>
   <marc:datafield ind1=" " ind2=" " tag="653">
      <marc:subfield code="a">Verschiedenheit</marc:subfield>
   </marc:datafield>
   <marc:datafield ind1=" " ind2=" " tag="653">
      <marc:subfield code="a">Rollentausch</marc:subfield>
   </marc:datafield>
   <marc:datafield ind1=" " ind2=" " tag="653">
      <marc:subfield code="a">Softcover / Belletristik/Gegenwartsliteratur (ab 1945)</marc:subfield>
   </marc:datafield>
   <marc:datafield ind1=" " ind2=" " tag="653">
      <marc:subfield code="a">Jugendbuch</marc:subfield>
   </marc:datafield>
   <marc:datafield ind1=" " ind2=" " tag="653">
      <marc:subfield code="a">Erzählende Literatur: Gegenwartsliteratur ab 1945</marc:subfield>
   </marc:datafield>
   <marc:datafield ind1="0" ind2="0" tag="245">
      <marc:subfield code="a">Das letzte Polaroid</marc:subfield>
   </marc:datafield>
   <marc:datafield ind1="0" ind2="0" tag="245">
      <marc:subfield code="b">Roman</marc:subfield>
   </marc:datafield>
   <marc:datafield ind1="0" ind2="0" tag="245">
      <marc:subfield code="c">Nina Sahm</marc:subfield>
   </marc:datafield>
   <marc:datafield ind1=" " ind2="1" tag="264">
      <marc:subfield code="a">Berlin</marc:subfield>
      <marc:subfield code="b">Blumenbar</marc:subfield>
      <marc:subfield code="c">2014</marc:subfield>
   </marc:datafield>
   <marc:datafield ind1=" " ind2=" " tag="250">
      <marc:subfield code="a">1. Aufl.</marc:subfield>
   </marc:datafield>
   <marc:datafield ind1="1" ind2=" " tag="520">
      <marc:subfield code="a">Angaben aus der Verlagsmeldung

Das letzte Polaroid : Roman Sahm. Das letzte Polaroid / von Nina Sahm

Die gefährliche Versuchung, das Leben eines anderen zu leben

Als sich Anna und Kinga im Urlaub am Balaton begegnen, beginnt eine Freundschaft, die beider Leben für immer verändern wird. Vom ersten Moment an teilen sie alles miteinander, ihre Kleidung, ihr Parfüm, ihre Süßigkeiten und ihr erstes Mal. Auch wenn sie sich danach jahrelang nicht sehen, erzählen sie einander alles: Von Kingas sexuellen Vorlieben bis zur Trennung von Annas Eltern.
Als Anna erfahren muss, dass Kinga nach einem Unfall im Koma liegt, reist sie nach Budapest, eine Stadt im Aufruhr gegen die Orban-Regierung. Doch statt an Kingas Krankenbett zu sitzen, beginnt Anna immer tiefer in Kingas altes Leben einzutauchen. Immer wieder muss sie dabei an die Tage am Balaton denken. War es wirklich so eine unbeschwerte Zeit gewesen, oder hatte sie die Ereignisse bis zuletzt nie richtig verstanden? Konnte sie überhaupt für Kinga da sein?
Leichtfüßig, voll untergründiger Sprengkraft und mit einem furiosen Finale: Eine Geschichte über große Freundschaft und die gefährliche Versuchung, das Leben eines anderen zu leben.

"Mitreißend, abgründig und zwischen den Zeilen duftet es nach Budapester Dobostorte." Stefanie de Velasco, Autorin von Tigermilch
</marc:subfield>
   </marc:datafield>
   <marc:datafield ind1=" " ind2=" " tag="020">
      <marc:subfield code="a">9783351050085</marc:subfield>
      <marc:subfield code="9">9783351050085</marc:subfield>
   </marc:datafield>
   <marc:datafield ind1=" " ind2=" " tag="020">
      <marc:subfield code="a">3351050089</marc:subfield>
      <marc:subfield code="9">3351050089</marc:subfield>
   </marc:datafield>
   <marc:datafield ind1=" " ind2=" " tag="041">
      <marc:subfield code="a">ger</marc:subfield>
   </marc:datafield>
   <marc:datafield ind1=" " ind2=" " tag="300">
      <marc:subfield code="a">239 S.</marc:subfield>
   </marc:datafield>
</marc:record>
